|
|
|
|
| LEADER |
00000nam a22000007a 4500 |
| 005 |
2019052408128.0 |
| 007 |
cr|||| |||| |
| 008 |
190524s2019 au |||||s|||| 00||0 eng d |
| 035 |
|
|
|a 23446
|
| 040 |
|
|
|a vLex
|
| 090 |
|
|
|c 8810
|d 8810
|
| 245 |
0 |
0 |
|a JD Supra Australia
|h [Recurso electrn̤ico] /
|
| 256 |
|
|
|a Servicio en ln̕ea
|
| 260 |
|
|
|a Canberra:
|b JD Supra,
|c 2019
|
| 300 |
|
|
|a 1 recurso electrn̤ico
|
| 506 |
1 |
|
|a Disponible solo en los productos indicados
|d vLex Global
|d vLex Global (Academic Edition, excluding Law Schools)
|d vLex Global (U.S. Academic Edition, Law Schools)
|d vLex Global (U.S. Academic Edition, excluding Law Schools)
|d vLex Global (Academic Edition, Law Schools)
|
| 650 |
0 |
4 |
|a Administracin̤ (Management)
|z Australia
|
| 740 |
0 |
|
|a vLex Libros (Servicio en ln̕ea)
|
| 856 |
4 |
0 |
|u http://vlex.com/source/23446
|z Acceso restringido
|
| 942 |
|
|
|c BOOK
|
| 999 |
0 |
|
|a Business Administration
|